<?xml version="1.0" encoding="UTF-8"?>
<record
    xmlns:xsi="http://www.w3.org/2001/XMLSchema-instance"
    xsi:schemaLocation="http://www.loc.gov/MARC21/slim http://www.loc.gov/standards/marcxml/schema/MARC21slim.xsd"
    xmlns="http://www.loc.gov/MARC21/slim">

  <leader>00983nam a22002057a 4500</leader>
  <controlfield tag="005">20230920130743.0</controlfield>
  <datafield tag="010" ind1=" " ind2=" ">
    <subfield code="a">HIN-126073</subfield>
  </datafield>
  <datafield tag="020" ind1=" " ind2=" ">
    <subfield code="a">9789355324498</subfield>
    <subfield code="c">345.00</subfield>
  </datafield>
  <datafield tag="035" ind1=" " ind2=" ">
    <subfield code="a">HN-98419</subfield>
  </datafield>
  <datafield tag="037" ind1=" " ind2=" ">
    <subfield code="b">DBAD/PUB</subfield>
  </datafield>
  <datafield tag="082" ind1=" " ind2=" ">
    <subfield code="a">363.7402</subfield>
  </datafield>
  <datafield tag="100" ind1=" " ind2=" ">
    <subfield code="a"> &#x92A;&#x94D;&#x930;&#x915;&#x93E;&#x936;, &#x913;&#x92E;</subfield>
    <subfield code="9">57104</subfield>
  </datafield>
  <datafield tag="245" ind1=" " ind2=" ">
    <subfield code="a"> &#x92A;&#x930;&#x94D;&#x92F;&#x93E;&#x935;&#x930;&#x923;&#x940;&#x92F; &#x905;&#x927;&#x94D;&#x92F;&#x92F;&#x928; &#x914;&#x930; &#x936;&#x93F;&#x915;&#x94D;&#x937;&#x923;  &#x936;&#x93E;&#x938;&#x94D;&#x924;&#x94D;&#x930;/</subfield>
    <subfield code="b"> </subfield>
    <subfield code="c"> &#x913;&#x92E; &#x92A;&#x94D;&#x930;&#x915;&#x93E;&#x936;  &#x914;&#x930; &#x92C;&#x93F;&#x92E;&#x932;&#x93E; &#x92A;&#x94D;&#x930;&#x915;&#x93E;&#x936; </subfield>
  </datafield>
  <datafield tag="260" ind1=" " ind2=" ">
    <subfield code="a">&#x924;&#x92E;&#x93F;&#x932;&#x928;&#x93E;&#x921;&#x941; ,</subfield>
    <subfield code="b">McGraw Hill</subfield>
    <subfield code="c">2023 </subfield>
  </datafield>
  <datafield tag="270" ind1=" " ind2=" ">
    <subfield code="a">&#x905;&#x902;&#x91C;&#x928;&#x93E; &#x915;&#x93E;&#x92E;&#x94D;&#x92A;&#x94D;&#x932;&#x947;&#x915;&#x94D;&#x938; &#x928;.5/90&#x90F; , &#x92C;&#x91F; &#x930;&#x94B;&#x921; , &#x938;&#x924;.&#x925;&#x949;&#x92E;&#x938; &#x92E;&#x93E;&#x909;&#x902;&#x91F; , </subfield>
    <subfield code="b">&#x91A;&#x947;&#x928;&#x94D;&#x928;&#x908; </subfield>
    <subfield code="e">600016 </subfield>
  </datafield>
  <datafield tag="300" ind1=" " ind2=" ">
    <subfield code="a">229 &#x92A;&#x943;.</subfield>
    <subfield code="b"> 24  &#x938;&#x947;&#x92E;&#x940; (&#x905;&#x91C;&#x93F;&#x932;&#x94D;&#x926;)</subfield>
  </datafield>
  <datafield tag="500" ind1=" " ind2=" ">
    <subfield code="a">&#x91A;&#x924;&#x941;&#x930;&#x94D;&#x925; &#x938;&#x902;&#x938;&#x94D;&#x915;&#x930;&#x923; (&#x935;&#x930;&#x94D;&#x917; : I-V)</subfield>
  </datafield>
  <datafield tag="700" ind1=" " ind2=" ">
    <subfield code="a">&#x92A;&#x94D;&#x930;&#x915;&#x93E;&#x936; , &#x92C;&#x93F;&#x92E;&#x932;&#x93E;</subfield>
    <subfield code="9">57105</subfield>
  </datafield>
  <datafield tag="942" ind1=" " ind2=" ">
    <subfield code="2">ddc</subfield>
    <subfield code="c">HN</subfield>
    <subfield code="h">363.7402 </subfield>
    <subfield code="m">&#x92A;&#x94D;&#x930;&#x915;&#x93E;&#x936; </subfield>
  </datafield>
  <datafield tag="999" ind1=" " ind2=" ">
    <subfield code="c">198453</subfield>
    <subfield code="d">198453</subfield>
  </datafield>
</record>
